000 00958nam a2200301 a 4500
008
020 _a0781700450 (hbk.)
049 _aMAIN
090 _aRC86.7
_bEME
245 0 0 _aEmergency medicine :
_ba comprehensive review /
_ceditors, Thomas Clarke Kravis, Carmen Germaine Warner and Lenworth M. Jacobs, Jr.
250 _a3rd ed.
260 _aNew York :
_bRaven Press,
_cc1993.
300 _axxviii, 1521 p. :
_bill. ;
_c29 cm.
500 _aIncludes index..
504 _aIncludes bibliographical references..
650 0 _aEmergency medicine.
650 2 _aEmergency Medical Services.
650 2 _aEmergency Medicine.
650 2 _aEmergencies.
700 1 _aKravis, Thomas Clarke.
700 1 _aWarner, Carmen Germaine.
700 1 _aJacobs, Lenworth M.
907 _a.b10163268
_b09-10-12
_c13-05-05
003
005 20230120204045.0
040 _cNUST
942 _cBOOKS
_kRC86.7
_mEME
999 _c116338
_d116338